书目信息 |
| 题名: |
河南城建学院报合订本:2010
|
|
| 作者: | ;河南城建学院报编辑部 | |
| 分册: | ||
| 出版信息: | 平顶山 河南城建学院报编辑部 2020.10 |
|
| 页数: | ||
| 开本: | 29cm | |
| 丛书名: | ||
| 单 册: | ||
| 中图分类: | N031 | |
| 科图分类: | ||
| 主题词: | 自然科学--科学方法论 | |
| 电子资源: | ||
| ISBN: | ||
| 000 | 00623nam0 2200181 450 | |
| 001 | 2139187769 | |
| 005 | 20210913105355.69 | |
| 010 | @b精装@dCNY8.00 | |
| 100 | @a20060113d2020 km y0chiy0120 ea | |
| 101 | 0 | @achi |
| 200 | 1 | @a河南城建学院报合订本:2010@AHe Nan Cheng Jian Xue Yuan Bao He Ding Ben:2010@f河南城建学院报编辑部@Fhe nan cheng jian xue yuan bao bian ji bu |
| 210 | @a平顶山@c河南城建学院报编辑部@d2020.10 | |
| 215 | @d29cm | |
| 606 | 0 | @a自然科学@x科学方法论 |
| 690 | @aN031@v3 | |
| 711 | 0 | @a河南城建学院报编辑部@Ahe nan cheng jian xue yuan bao bian ji bu |
| 801 | 0 | @aCN@bPFT@c20100914 |
| 905 | @a10447@dN031@eH2611 | |
| 河南城建学院报合订本:2010/河南城建学院报编辑部.-平顶山:河南城建学院报编辑部,2020.10 |
| 29cm |
| ISBN (精装):CNY8.00 |
| ● |
| 相关链接 |
|
|
|
正题名:河南城建学院报合订本:2010
索取号:N031/H2611
 
预约/预借
| 序号 | 登录号 | 条形码 | 馆藏地/架位号 | 状态 | 备注 |
| 1 | 1507001 | 215070018 | 自科库401/401自科库 137排1列3层/ [索取号:N031/H2611] | 在馆 |